1475 1626 1231 1866 1524 1042 1657 1002 1201 1131 1085 1133 1149 1847 1319 1706 1498 1298 1152 1082 1056 1315 1204 1349 1204 1149 1474 1327 1524 1413 1193 1638 1450 1422 1099 1279 1629 1870 1913 1238 1701 1407 1671 1799 1909 1037 1330 1795 1610 1383 1721 1866 1257 1182 1955 1286 1809 1831 1428 1673 1842 1440 1385 1953 1451 1705 1999 1521 1305 1425 1124 1916 1404 1412 1375 1168 1796 1389 1843 1176 1678 1465 1452 1932 1690 1017 1066 1747 1678 1303 1244 1270 1079 1221 1002 1216 1280 1356 1668 BCNSPRNW ULIB Ver.6.0+V

เปลี่ยนเป็นภาษาไทย

Change to English
 แสดงรายละเอียดบรรณานุกรม
  กลับหน้าหลัก

Brief Record : Get Marc (ISO 2709) : E-mail record : QR code < ปิดหน้าต่าง
LEADER : 00000nam 2200000uu 4500
001    13399127736
003     ULIB
008    210513s||||||||th 000 0 tha d
020    ู^a9786162992582
050    ^aนว^bช799จ^cล.6
100    ^aโชอู
245    ^aจอมกระบี่เทพสังหาร เล่ม 6
250    ^aพิมพ์ครั้งที่ 1
260    ^aกรุงเทพฯ :^bสยามอินเตอร์บุ๊คส์,^c2556
300    ^a205 หน้า;^b21 ซม.
650    ^aนวนิยาย
945    ^p220^l0^i008047
999    ^aประนอม เกษจรัล
รายการนี้ยังไม่มีแท็ก
คุณยังไม่ได้ล็อกอิน คุณสามารถมีกิจกรรมร่วมกับเว็บไซต์ได้ แต่ต้องล็อกอินก่อน ::
  ล็อกอิน

รายการสื่อสารสนเทศ

ลำดับที่ ประเภท เลขเรียก/บาร์โค้ด สถานที่ สถานะ
1. นวนิยาย
นวนิยาย
นว ช799จ ล.6 ฉ.1 
  Barcode: 008047
ห้องสมุดวิทยาเขตสวรรค์ประชารักษ์
►หนังสือทั่วไป
บนชั้น

รายการใกล้เคียง
    ผู้แต่ง [โชอู]

    หัวเรื่อง [นวนิยาย]

BibComment


ยังไม่เคยถูกคอมเมนท์

คอมเมนท์ทรัพยากรรายการนี้
  คอมเมนท์: จอมกระบี่เทพสังห..


 Copyright 2026. Bcnsprnw @Library